<?xml version="1.0" encoding="UTF-8"?><?xml-stylesheet type="text/xsl" href="static/style.xsl"?><OAI-PMH xmlns="http://www.openarchives.org/OAI/2.0/" xmlns:xsi="http://www.w3.org/2001/XMLSchema-instance" xsi:schemaLocation="http://www.openarchives.org/OAI/2.0/ http://www.openarchives.org/OAI/2.0/OAI-PMH.xsd"><responseDate>2026-04-27T22:02:54Z</responseDate><request verb="GetRecord" identifier="oai:uvadoc.uva.es:10324/35882" metadataPrefix="marc">https://uvadoc.uva.es/oai/request</request><GetRecord><record><header><identifier>oai:uvadoc.uva.es:10324/35882</identifier><datestamp>2021-06-29T23:33:06Z</datestamp><setSpec>com_10324_38</setSpec><setSpec>col_10324_852</setSpec></header><metadata><record xmlns="http://www.loc.gov/MARC21/slim" xmlns:doc="http://www.lyncode.com/xoai" xmlns:xsi="http://www.w3.org/2001/XMLSchema-instance" xmlns:dcterms="http://purl.org/dc/terms/" xsi:schemaLocation="http://www.loc.gov/MARC21/slim http://www.loc.gov/standards/marcxml/schema/MARC21slim.xsd">
<leader>00925njm 22002777a 4500</leader>
<datafield tag="042" ind1=" " ind2=" ">
<subfield code="a">dc</subfield>
</datafield>
<datafield tag="720" ind1=" " ind2=" ">
<subfield code="a">Rojo Rojo, Cristina</subfield>
<subfield code="e">author</subfield>
</datafield>
<datafield tag="260" ind1=" " ind2=" ">
<subfield code="c">2019</subfield>
</datafield>
<datafield tag="520" ind1=" " ind2=" ">
<subfield code="a">Este trabajo trata sobre el Modelo European Foundation for Quality Management&#xd;
(EFQM) de Excelencia es una forma de trabajo no prescriptivo que reconoce que la&#xd;
excelencia de una organización se puede lograr de manera sostenida mediante distintos&#xd;
enfoques, mediante la aplicación de lineamientos y estrategias de gestión que&#xd;
consideran no solamente la actuación de los líderes, sino también al resto de los&#xd;
integrantes de una organización como un equipo de trabajo. Durante este trabajo en el&#xd;
que nos referimos al concepto de calidad, distintos enfoques para gestionarla y el papel&#xd;
de los recursos humanos en su aplicación, hacemos referencia a la aplicación del&#xd;
modelo EFQM en el caso del sector sanitario en España y por último extraemos unas&#xd;
conclusiones a nivel general, haciendo alusión a los casos prácticos incluidos en este&#xd;
proyecto.</subfield>
</datafield>
<datafield tag="024" ind2=" " ind1="8">
<subfield code="a">http://uvadoc.uva.es/handle/10324/35882</subfield>
</datafield>
<datafield tag="245" ind1="0" ind2="0">
<subfield code="a">Los recursos humanos en el modelo EFQM de excelencia: un ejemplo de aplicación en el ámbito del sector sanitario</subfield>
</datafield>
</record></metadata></record></GetRecord></OAI-PMH>